000 00576nam a2200229Ia 4500
003 OSt
005 20220928105413.0
006 a|||||r|||| 00| 0
007 ta
008 220927b |||||||| |||| 00| 0 eng d
024 _a49931
037 _cTextual
040 _aSDCL
_cSDCL
_beng
041 _2eng
_aeng
082 _aO152,2M89:g, M4
100 _aPali Wal
_9415085
245 0 _aRangmanch aur Jay Shankar Prasad ke natak.
260 _c1984
300 _a352p
_ccm.
942 _hO152,2M89:g, M4
_cTEXL
_2CC
999 _c730925
_d730925